Estadísticas para Integrantes de la banda Mägo de Oz

Haz click aquí para intentar la prueba.

Estadísticas generales

  • Esta prueba ha sido intentada 3 veces
  • La puntuación promedio es 3 de 29

Estadísticas de respuestas

EstadoMiembro% Correcto
MiembroJesús Hernández «Txus di Fellatio»
100%
Ex-MiembroFrancisco Gómez «Frank»
50%
Ex-MiembroJosé Andrëa
50%
Ex-MiembroPedro Díaz «Peri»
50%
Ex-MiembroSalva García
50%
Ex-MiembroAlfonso
0%
MiembroCarlos Prieto «Mohamed»
0%
Ex-MiembroDavid
0%
MiembroFernando Mainer
0%
Ex-MiembroFernando Ponce de León
0%
MiembroFrancesco Antonelli
0%
Ex-MiembroJavi Díez
0%
Ex-MiembroJavier Domínguez «Zeta»
0%
MiembroJorge Salán
0%
Ex-MiembroJosé Álvarez «Chema»
0%
MiembroJosema Pizarro
0%
Ex-MiembroJuan Carlos Marín «Carlitos»
0%
Ex-MiembroJuan Carlos Quiles «Charlie»
0%
Ex-MiembroJuanma Lobón
0%
Ex-MiembroLuis Navalón
0%
Ex-MiembroManuel Seoane
0%
Ex-MiembroPatricia Tapia
0%
Ex-MiembroPedro Pablo Díaz «Piter»
0%
MiembroRafa Blas
0%
MiembroRaquel Eugenio «Xana Lavey»
0%
Ex-MiembroSergio Cisneros «Kiskilla»
0%
Ex-MiembroSergio Martínez
0%
Ex-MiembroTony Corral
0%
MiembroVíctor de Andrés
0%

Distribución de puntuación

Porcentaje por número respondido

Porcentaje de gente con cada puntuación

Historial de tus puntuaciones

No has intentado esta prueba.